[Event "Messina op 2nd"]
[Site "Messina"]
[Date "2012.08.29"]
[Round "4"]
[White "Fariselli, Umberto"]
[Black "Napoli Costa, Antonello"]
[Result "0-1"]
[WhiteElo "1347"]
[BlackElo "1743"]
[PlyCount "104"]
[EventDate "2012.08.27"]
[EventType "swiss"]
[EventRounds "8"]
[EventCountry "ITA"]
[SourceTitle "EXT 2014"]
[Source "ChessBase"]
[SourceDate "2013.11.20"]
[SourceVersion "1"]
[SourceVersionDate "2013.11.20"]
[SourceQuality "1"]

1. d4 d5 2. e3 Nf6 3. Bd3 e6 4. a3 c5 5. c3 cxd4 6. exd4 Bd6 7. Bg5 Nbd7 8. Nf3 h6 9. Bh4 Be7 10. 0-0 0-0 11. Re1 Nh7 12. Bxe7 Qxe7 13. Nbd2 b6 14. Nf1 Bb7 15. Bc2 Qf6 16. Qd3 g6 17. Ba4 Rfd8 18. Ng3 Rac8 19. Qe3 Qg7 20. Ne5 Nxe5 21. Qxe5 Bc6 22. Qxg7+ Kxg7 23. Bxc6 Rxc6 24. Re2 a5 25. a4 Rc4 26. Nf1 Nf6 27. Nd2 Rc7 28. h3 Ne8 29. Re3 Nd6 30. f3 Nc4 31. Nxc4 Rxc4 32. g4 Rb8 33. b3 Rc6 34. Kf2 b5 35. axb5 Rxb5 36. Ra3 Rcb6 37. c4 dxc4 38. bxc4 Rb2+ 39. Kg3 R6b4 40. Rxa5 Rxc4 41. Rd3 Rcc2 42. h4 Rh2 43. Kf4 Rxh4 44. Re3 Rd2 45. Kg3 Rhh2 46. Ra7 Rhg2+ 47. Kf4 Rxd4+ 48. Ke5 Rd5+ 49. Ke4 g5 50. Rc3 Re2+ 51. Re3 Red2 52. Ra4 f5+ 0-1